[Event "Rapid 2018"]
[Site "Saint-Petersburg"]
[Date "2018.12.28"]
[Round "15"]
[Board "75"]
[White "Tissir Mohamed (MAR)"]
[Black "Frolyanov Dmitry (RUS)"]
[Result "1/2-1/2"]
[LiveChessVersion "1.4.8"]
[BlackElo "2614"]
[WhiteElo "2417"]

1. e4 {[%clk 0:15:18]} c5 {[%clk 0:15:19]} 2. Nc3 {[%clk 0:15:27]} Nc6
{[%clk 0:15:28]} 3. Bb5 {[%clk 0:15:35]} Nd4 {[%clk 0:15:37]} 4. Bc4
{[%clk 0:15:44]} e6 {[%clk 0:15:43]} 5. Nge2 {[%clk 0:15:53]} a6 {[%clk 0:15:48]}
6. Nxd4 {[%clk 0:16:01]} cxd4 {[%clk 0:15:54]} 7. Ne2 {[%clk 0:16:10]} b5
{[%clk 0:15:49]} 8. Bb3 {[%clk 0:16:19]} Bc5 {[%clk 0:15:50]} 9. O-O
{[%clk 0:16:19]} Ne7 {[%clk 0:15:55]} 10. d3 {[%clk 0:16:28]} O-O
{[%clk 0:15:58]} 11. a4 {[%clk 0:16:23]} b4 {[%clk 0:15:53]} 12. Ng3
{[%clk 0:16:31]} Bb7 {[%clk 0:15:48]} 13. Qh5 {[%clk 0:16:39]} Rc8
{[%clk 0:15:21]} 14. Bd2 {[%clk 0:15:35]} Kh8 {[%clk 0:14:55]} 15. Rae1
{[%clk 0:13:55]} f5 {[%clk 0:14:50]} 16. f3 {[%clk 0:13:48]} a5 {[%clk 0:14:12]}
17. Kh1 {[%clk 0:13:41]} Bd6 {[%clk 0:13:52]} 18. Ne2 {[%clk 0:13:28]} Qb6
{[%clk 0:12:13]} 19. Bf4 {[%clk 0:11:52]} Ng6 {[%clk 0:11:43]} 20. Bxd6
{[%clk 0:10:53]} Qxd6 {[%clk 0:11:51]} 21. Qg5 {[%clk 0:11:03]} Rc5
{[%clk 0:10:55]} 22. Qg3 {[%clk 0:10:50]} f4 {[%clk 0:10:52]} 23. Qf2
{[%clk 0:10:52]} e5 {[%clk 0:10:57]} 24. Rg1 {[%clk 0:06:38]} Rcc8
{[%clk 0:10:58]} 25. g3 {[%clk 0:05:00]} fxg3 {[%clk 0:10:52]} 26. Rxg3
{[%clk 0:05:03]} Nf4 {[%clk 0:08:29]} 27. Reg1 {[%clk 0:05:04]} g6
{[%clk 0:08:34]} 28. Nxf4 {[%clk 0:04:14]} Rxf4 {[%clk 0:08:40]} 29. Rg4
{[%clk 0:04:19]} Rcf8 {[%clk 0:08:32]} 30. Qh4 {[%clk 0:03:59]} Rxg4
{[%clk 0:08:10]} 31. Qxg4 {[%clk 0:03:42]} Qf6 {[%clk 0:08:04]} 32. Rf1
{[%clk 0:03:18]} d6 {[%clk 0:08:08]} 33. Qe6 {[%clk 0:03:04]} Bc6
{[%clk 0:07:34]} 34. Qxf6+ {[%clk 0:03:01]} Rxf6 35. Kg2 Kg7 {[%clk 0:07:25]} 36.
Rc1 {[%clk 0:03:04]} 1/2-1/2

[Event "Rapid 2018"]
[Site "Saint-Petersburg"]
[Date "2018.12.28"]
[Round "15"]
[Board "76"]
[White "Shinkevich Vitaly (RUS)"]
[Black "Usmanov Vasily (RUS)"]
[Result "1-0"]
[LiveChessVersion "1.4.8"]
[BlackElo "2459"]
[WhiteElo "2545"]

1. d4 {[%clk 0:15:18]} Nf6 {[%clk 0:15:19]} 2. Nf3 {[%clk 0:15:26]} e6
{[%clk 0:15:28]} 3. c4 {[%clk 0:15:36]} Bb4+ {[%clk 0:15:36]} 4. Nbd2
{[%clk 0:15:43]} O-O {[%clk 0:15:44]} 5. a3 {[%clk 0:15:52]} Be7 {[%clk 0:15:52]}
6. e3 {[%clk 0:15:48]} b6 {[%clk 0:15:51]} 7. Bd3 {[%clk 0:15:49]} Bb7
{[%clk 0:15:59]} 8. O-O {[%clk 0:15:47]} c5 {[%clk 0:16:06]} 9. b3
{[%clk 0:15:44]} Nc6 {[%clk 0:15:47]} 10. Bb2 {[%clk 0:15:39]} cxd4
{[%clk 0:15:52]} 11. exd4 {[%clk 0:15:46]} d5 {[%clk 0:16:00]} 12. Qe2
{[%clk 0:15:49]} Re8 {[%clk 0:16:08]} 13. Rad1 {[%clk 0:15:29]} Rc8
{[%clk 0:16:14]} 14. Rfe1 {[%clk 0:15:33]} Bf8 {[%clk 0:16:22]} 15. Qe3
{[%clk 0:14:44]} g6 {[%clk 0:14:56]} 16. h3 {[%clk 0:13:53]} Bg7 {[%clk 0:14:58]}
17. Ba1 {[%clk 0:13:59]} Qd6 {[%clk 0:14:10]} 18. c5 {[%clk 0:14:02]} bxc5
{[%clk 0:13:51]} 19. dxc5 {[%clk 0:14:10]} Qf8 {[%clk 0:13:59]} 20. b4
{[%clk 0:13:37]} a6 {[%clk 0:12:08]} 21. Nb3 {[%clk 0:11:34]} e5 {[%clk 0:08:41]}
22. Nxe5 {[%clk 0:08:17]} d4 {[%clk 0:08:49]} 23. Bxd4 {[%clk 0:08:06]} Nd5
{[%clk 0:05:24]} 24. Qg3 {[%clk 0:08:10]} Nxd4 {[%clk 0:05:30]} 25. Nxd4
{[%clk 0:08:17]} f5 {[%clk 0:03:52]} 26. Bc4 {[%clk 0:07:48]} f4 {[%clk 0:03:59]}
27. Qf3 {[%clk 0:07:28]} Rxc5 {[%clk 0:01:30]} 28. bxc5 {[%clk 0:07:29]} Qxc5
{[%clk 0:01:37]} 29. Nb3 {[%clk 0:07:24]} 1-0

[Event "Rapid 2018"]
[Site "Saint-Petersburg"]
[Date "2018.12.28"]
[Round "15"]
[Board "77"]
[White "Sokolin Leonid (USA)"]
[Black "Zablotsky Sergei (RUS)"]
[Result "0-1"]
[LiveChessVersion "1.4.8"]
[BlackElo "2542"]
[WhiteElo "2508"]

1. e4 {[%clk 0:15:19]} d6 {[%clk 0:15:17]} 2. d4 {[%clk 0:15:27]} Nf6
{[%clk 0:15:25]} 3. Nc3 {[%clk 0:15:37]} e5 {[%clk 0:15:29]} 4. Nf3
{[%clk 0:15:41]} Nbd7 {[%clk 0:15:37]} 5. Bc4 {[%clk 0:15:50]} Be7
{[%clk 0:15:45]} 6. O-O {[%clk 0:15:58]} O-O {[%clk 0:15:53]} 7. Re1
{[%clk 0:16:07]} c6 8. a4 exd4 {[%clk 0:16:09]} 9. Qxd4 {[%clk 0:16:17]} Ne5
{[%clk 0:16:16]} 10. Be2 {[%clk 0:15:07]} Qc7 {[%clk 0:15:59]} 11. Bf4
{[%clk 0:14:48]} Nfd7 {[%clk 0:16:06]} 12. Rad1 {[%clk 0:14:07]} a6
{[%clk 0:15:36]} 13. Bg3 {[%clk 0:12:15]} b5 {[%clk 0:15:17]} 14. b4
{[%clk 0:11:41]} Re8 {[%clk 0:13:25]} 15. Nh4 {[%clk 0:09:22]} Bf6
{[%clk 0:05:18]} 16. Qd2 {[%clk 0:04:37]} Nb6 {[%clk 0:05:24]} 17. Qxd6
{[%clk 0:03:45]} Qxd6 {[%clk 0:05:30]} 18. Rxd6 {[%clk 0:03:55]} Nec4
{[%clk 0:05:03]} 19. Rxf6 {[%clk 0:04:03]} gxf6 {[%clk 0:05:10]} 20. a5
{[%clk 0:04:11]} Nd7 {[%clk 0:05:01]} 21. Bxc4 {[%clk 0:04:21]} bxc4
{[%clk 0:05:08]} 22. Nf5 {[%clk 0:04:21]} Ne5 {[%clk 0:05:00]} 23. Nd6
{[%clk 0:04:28]} Rd8 {[%clk 0:04:22]} 24. Rd1 {[%clk 0:03:08]} Rb8
{[%clk 0:03:45]} 25. f4 {[%clk 0:03:17]} Ng4 {[%clk 0:02:44]} 26. e5
{[%clk 0:01:51]} Rxb4 {[%clk 0:02:18]} 27. Bh4 {[%clk 0:01:51]} Rb2
{[%clk 0:01:03]} 28. Rd2 {[%clk 0:01:22]} Bf5 {[%clk 0:00:33]} 29. h3
{[%clk 0:01:26]} Ne3 {[%clk 0:00:38]} 30. Bxf6 {[%clk 0:01:35]} Rd7
{[%clk 0:00:47]} 31. Re2 {[%clk 0:01:34]} Nd5 {[%clk 0:00:33]} 32. Nxf5
{[%clk 0:01:35]} Nxc3 {[%clk 0:00:41]} 33. Re3 {[%clk 0:01:44]} Rxc2
{[%clk 0:00:42]} 34. Kh2 {[%clk 0:01:36]} Rd3 {[%clk 0:00:50]} 35. Re1
{[%clk 0:01:27]} Nd5 {[%clk 0:00:59]} 36. Bg5 {[%clk 0:01:00]} Rdd2
{[%clk 0:00:44]} 37. Rg1 {[%clk 0:00:57]} c3 {[%clk 0:00:53]} 38. Bh6
{[%clk 0:00:57]} Rxg2+ {[%clk 0:00:42]} 39. Rxg2+ {[%clk 0:01:03]} Rxg2+
{[%clk 0:00:50]} 40. Kxg2 {[%clk 0:01:11]} c2 {[%clk 0:00:57]} 41. Ne7+
{[%clk 0:01:12]} Nxe7 42. f5 Nxf5 {[%clk 0:01:13]} 43. Bf4 {[%clk 0:01:20]} Nd4
{[%clk 0:01:21]} 0-1

[Event "Rapid 2018"]
[Site "Saint-Petersburg"]
[Date "2018.12.28"]
[Round "15"]
[Board "78"]
[White "Belyakov Bogdan (RUS)"]
[Black "Khusnutdinov Rustam (KAZ)"]
[Result "0-1"]
[LiveChessVersion "1.4.8"]
[BlackElo "2530"]
[WhiteElo "2482"]

1. e4 {[%clk 0:15:18]} e6 {[%clk 0:15:19]} 2. d4 {[%clk 0:15:26]} d5
{[%clk 0:15:28]} 3. Nc3 {[%clk 0:15:35]} Nf6 {[%clk 0:15:24]} 4. Bg5
{[%clk 0:15:40]} Be7 {[%clk 0:15:22]} 5. e5 {[%clk 0:15:45]} Nfd7
{[%clk 0:15:31]} 6. h4 {[%clk 0:15:53]} Nc6 {[%clk 0:15:40]} 7. Nf3
{[%clk 0:15:05]} Nb6 {[%clk 0:15:48]} 8. Qd2 {[%clk 0:14:10]} Bd7
{[%clk 0:15:57]} 9. a3 {[%clk 0:13:54]} f6 {[%clk 0:15:55]} 10. exf6
{[%clk 0:13:56]} gxf6 {[%clk 0:15:58]} 11. Be3 {[%clk 0:12:54]} Bd6
{[%clk 0:15:24]} 12. Nb5 {[%clk 0:13:00]} Qe7 {[%clk 0:15:30]} 13. O-O-O
{[%clk 0:12:30]} O-O-O {[%clk 0:15:32]} 14. Kb1 {[%clk 0:11:51]} Kb8
{[%clk 0:15:04]} 15. h5 {[%clk 0:11:44]} Rhg8 {[%clk 0:14:46]} 16. h6
{[%clk 0:11:40]} Be8 {[%clk 0:14:48]} 17. Nxd6 {[%clk 0:11:34]} cxd6
{[%clk 0:14:56]} 18. g3 {[%clk 0:11:01]} Rc8 {[%clk 0:11:10]} 19. Nh4
{[%clk 0:10:45]} a6 {[%clk 0:08:50]} 20. Re1 {[%clk 0:10:29]} Na7
{[%clk 0:08:15]} 21. Qa5 {[%clk 0:09:13]} Qc7 {[%clk 0:07:39]} 22. Bd3
{[%clk 0:09:18]} Bb5 {[%clk 0:07:45]} 23. Rc1 {[%clk 0:08:47]} Nc6
{[%clk 0:07:20]} 24. Qd2 {[%clk 0:08:39]} Bxd3 {[%clk 0:06:43]} 25. cxd3
{[%clk 0:08:39]} Na4 {[%clk 0:06:09]} 26. b3 {[%clk 0:08:45]} Nb6
{[%clk 0:06:08]} 27. Rhe1 {[%clk 0:08:28]} Qd7 {[%clk 0:06:16]} 28. Kb2
{[%clk 0:08:25]} Na8 {[%clk 0:06:03]} 29. Ng2 {[%clk 0:08:20]} Nc7
{[%clk 0:05:47]} 30. Nf4 {[%clk 0:08:21]} e5 {[%clk 0:04:54]} 31. Nh5
{[%clk 0:08:29]} Qf7 {[%clk 0:04:13]} 32. Rxc6 {[%clk 0:08:03]} bxc6
{[%clk 0:04:11]} 33. Ng7 {[%clk 0:08:11]} exd4 {[%clk 0:01:05]} 34. Bf4
{[%clk 0:07:48]} Qd7 {[%clk 0:00:54]} 35. Qb4+ {[%clk 0:07:55]} Nb5
{[%clk 0:00:57]} 36. a4 {[%clk 0:07:35]} c5 {[%clk 0:00:46]} 37. Qa5
{[%clk 0:07:44]} Nc3 {[%clk 0:00:43]} 38. Qb6+ {[%clk 0:04:34]} Ka8
{[%clk 0:00:49]} 39. Qxa6+ {[%clk 0:04:31]} Qa7 {[%clk 0:00:58]} 40. Qxa7+
{[%clk 0:03:00]} Kxa7 {[%clk 0:01:08]} 41. Re7+ {[%clk 0:03:08]} Kb6
{[%clk 0:01:04]} 42. Nf5 {[%clk 0:02:47]} Rce8 {[%clk 0:01:13]} 43. Rxh7
{[%clk 0:01:52]} Re2+ {[%clk 0:01:22]} 44. Kc1 {[%clk 0:02:02]} Na2+
{[%clk 0:00:45]} 45. Kd1 {[%clk 0:02:11]} Nc3+ {[%clk 0:00:54]} 46. Kc1
{[%clk 0:02:20]} Re1+ {[%clk 0:00:32]} 47. Kc2 {[%clk 0:02:23]} Rge8
{[%clk 0:00:29]} 48. Bd2 {[%clk 0:01:08]} R8e2 {[%clk 0:00:38]} 49. a5+
{[%clk 0:00:46]} Ka6 {[%clk 0:00:47]} 50. Re7 {[%clk 0:00:22]} Rxe7
{[%clk 0:00:54]} 51. Bxe1 {[%clk 0:00:30]} Rxe1 {[%clk 0:00:56]} 52. h7
{[%clk 0:00:31]} Re8 {[%clk 0:01:03]} 0-1

[Event "Rapid 2018"]
[Site "Saint-Petersburg"]
[Date "2018.12.28"]
[Round "15"]
[Board "79"]
[White "Lintchevski Daniil (RUS)"]
[Black "Apryshko Gleb (RUS)"]
[Result "1-0"]
[LiveChessVersion "1.4.8"]
[BlackElo "2420"]
[WhiteElo "2603"]

1. e4 {[%clk 0:15:17]} e5 {[%clk 0:15:10]} 2. Nf3 {[%clk 0:15:22]} Nc6
{[%clk 0:15:18]} 3. Nc3 {[%clk 0:15:28]} Nf6 {[%clk 0:15:26]} 4. a3
{[%clk 0:15:36]} d5 {[%clk 0:15:32]} 5. Bb5 {[%clk 0:15:41]} Nxe4
{[%clk 0:15:40]} 6. Qe2 {[%clk 0:15:32]} Qd6 {[%clk 0:15:28]} 7. Nxe4
{[%clk 0:15:31]} dxe4 {[%clk 0:15:37]} 8. Qxe4 {[%clk 0:15:39]} Bd7
{[%clk 0:15:42]} 9. d3 {[%clk 0:15:15]} f6 {[%clk 0:12:46]} 10. O-O
{[%clk 0:14:53]} a6 {[%clk 0:11:27]} 11. Ba4 {[%clk 0:14:44]} O-O-O
{[%clk 0:11:20]} 12. b4 {[%clk 0:14:44]} Ne7 {[%clk 0:11:27]} 13. Bxd7+
{[%clk 0:14:31]} Rxd7 {[%clk 0:11:19]} 14. a4 {[%clk 0:13:31]} Qc6
{[%clk 0:09:38]} 15. Qe2 {[%clk 0:13:38]} Qc3 {[%clk 0:09:12]} 16. Rb1
{[%clk 0:12:50]} Nd5 {[%clk 0:07:19]} 17. Rb3 {[%clk 0:11:52]} Qc6
{[%clk 0:07:28]} 18. b5 {[%clk 0:12:00]} Qb6 {[%clk 0:04:22]} 19. bxa6
{[%clk 0:10:10]} Qxa6 {[%clk 0:04:28]} 20. Bd2 {[%clk 0:10:16]} Bc5
{[%clk 0:02:55]} 21. Rfb1 {[%clk 0:10:21]} c6 {[%clk 0:03:04]} 22. c4
{[%clk 0:10:02]} Ne7 {[%clk 0:02:25]} 23. Be3 {[%clk 0:10:04]} Qa7
{[%clk 0:02:17]} 24. Bxc5 {[%clk 0:09:45]} Qxc5 {[%clk 0:02:26]} 25. Qb2
{[%clk 0:09:54]} Qa7 {[%clk 0:02:36]} 26. a5 {[%clk 0:09:45]} Rhd8
{[%clk 0:01:56]} 27. Ne1 {[%clk 0:08:55]} c5 {[%clk 0:01:03]} 28. a6
{[%clk 0:08:15]} Qxa6 {[%clk 0:00:43]} 29. Ra1 {[%clk 0:08:23]} Qc6
{[%clk 0:00:47]} 30. Rb6 {[%clk 0:08:27]} 1-0

[Event "Rapid 2018"]
[Site "Saint-Petersburg"]
[Date "2018.12.28"]
[Round "15"]
[Board "80"]
[White "Gabrielian Artur (RUS)"]
[Black "Borisenko Viacheslav (UKR)"]
[Result "1/2-1/2"]
[LiveChessVersion "1.4.8"]
[BlackElo "2367"]
[WhiteElo "2546"]

1. e4 {[%clk 0:15:18]} c5 {[%clk 0:15:19]} 2. Nc3 {[%clk 0:15:26]} e6
{[%clk 0:15:26]} 3. Nf3 {[%clk 0:15:28]} Nc6 {[%clk 0:15:22]} 4. d4
{[%clk 0:15:35]} cxd4 {[%clk 0:15:30]} 5. Nxd4 {[%clk 0:15:44]} Nf6
{[%clk 0:15:38]} 6. a3 {[%clk 0:15:25]} Be7 {[%clk 0:14:34]} 7. Be3
{[%clk 0:15:09]} O-O {[%clk 0:14:27]} 8. Be2 {[%clk 0:14:47]} d5 {[%clk 0:14:27]}
9. exd5 {[%clk 0:14:44]} Nxd5 {[%clk 0:13:51]} 10. Nxd5 {[%clk 0:14:51]} exd5
{[%clk 0:13:54]} 11. O-O {[%clk 0:14:12]} Bf6 {[%clk 0:13:58]} 12. c3
{[%clk 0:14:02]} Re8 {[%clk 0:13:44]} 13. Re1 {[%clk 0:14:05]} Ne5
{[%clk 0:13:33]} 14. Qb3 {[%clk 0:13:50]} Nc4 {[%clk 0:11:57]} 15. Bxc4
{[%clk 0:13:49]} dxc4 {[%clk 0:12:02]} 16. Qxc4 {[%clk 0:13:55]} Bxd4
{[%clk 0:12:01]} 17. Bxd4 {[%clk 0:13:59]} Bf5 {[%clk 0:11:36]} 18. Qb5
{[%clk 0:13:09]} Rxe1+ {[%clk 0:11:04]} 19. Rxe1 {[%clk 0:13:18]} Qd7
{[%clk 0:11:06]} 20. Qe2 {[%clk 0:10:35]} a6 {[%clk 0:10:55]} 21. h3
{[%clk 0:10:19]} f6 {[%clk 0:10:55]} 22. Qf3 {[%clk 0:10:23]} Bg6
{[%clk 0:10:39]} 23. Qg3 {[%clk 0:07:39]} Re8 {[%clk 0:10:14]} 24. Rxe8+
{[%clk 0:07:38]} Qxe8 {[%clk 0:10:22]} 25. Qc7 {[%clk 0:07:40]} Be4
{[%clk 0:10:24]} 26. f3 {[%clk 0:07:26]} Bc6 {[%clk 0:10:31]} 27. Kf2
{[%clk 0:07:28]} h6 {[%clk 0:10:32]} 28. Qf4 {[%clk 0:07:18]} Qg6
{[%clk 0:10:29]} 29. Qd2 {[%clk 0:07:19]} Bb5 {[%clk 0:10:02]} 30. g4
{[%clk 0:06:07]} Qb1 {[%clk 0:09:56]} 31. Kg3 {[%clk 0:06:13]} Qd3
{[%clk 0:09:52]} 32. Qf4 {[%clk 0:05:05]} Bc6 {[%clk 0:09:55]} 33. Qe3
{[%clk 0:04:28]} Qxe3 {[%clk 0:09:57]} 34. Bxe3 {[%clk 0:04:37]} Kf7
{[%clk 0:09:12]} 35. f4 {[%clk 0:04:44]} f5 {[%clk 0:08:26]} 36. c4
{[%clk 0:04:09]} Ke6 {[%clk 0:07:53]} 37. Bd4 {[%clk 0:04:17]} g6
{[%clk 0:08:03]} 38. Kh4 {[%clk 0:04:09]} Bg2 {[%clk 0:06:49]} 39. b3
{[%clk 0:03:49]} h5 {[%clk 0:06:44]} 40. Kg3 {[%clk 0:02:58]} Bf1
{[%clk 0:06:31]} 41. gxh5 {[%clk 0:02:53]} gxh5 {[%clk 0:06:40]} 42. a4
{[%clk 0:02:49]} Kd6 {[%clk 0:06:39]} 43. a5 {[%clk 0:02:52]} Ke6
{[%clk 0:06:33]} 44. Be5 {[%clk 0:02:56]} Kd7 {[%clk 0:06:42]} 45. Bd4
{[%clk 0:01:58]} Kc6 {[%clk 0:06:49]} 46. Kh4 {[%clk 0:01:59]} Kd6
{[%clk 0:06:51]} 47. Be3 {[%clk 0:01:55]} Kc6 {[%clk 0:06:59]} 48. b4
{[%clk 0:01:55]} Kd6 {[%clk 0:07:01]} 49. b5 {[%clk 0:01:54]} Kc7
{[%clk 0:06:04]} 50. Bc5 {[%clk 0:02:01]} Kd7 {[%clk 0:05:58]} 51. Bd4
{[%clk 0:02:03]} Kc7 {[%clk 0:06:07]} 52. Be5+ {[%clk 0:02:03]} Kd7
{[%clk 0:06:14]} 53. Bb8 {[%clk 0:01:51]} Kc8 {[%clk 0:06:22]} 54. Ba7
{[%clk 0:01:56]} Kc7 {[%clk 0:06:27]} 55. Bd4 {[%clk 0:02:02]} Kd6
{[%clk 0:06:33]} 56. c5+ {[%clk 0:02:00]} Kc7 {[%clk 0:06:15]} 57. Be5+
{[%clk 0:01:45]} Kc8 {[%clk 0:06:15]} 58. bxa6 {[%clk 0:01:15]} bxa6
{[%clk 0:06:23]} 59. c6 {[%clk 0:01:19]} Kd8 {[%clk 0:06:29]} 60. Bd6
{[%clk 0:01:14]} Kc8 {[%clk 0:06:37]} 61. Be5 {[%clk 0:01:01]} Kd8
{[%clk 0:06:46]} 62. c7+ {[%clk 0:00:42]} Kd7 {[%clk 0:06:50]} 63. Kg3
{[%clk 0:00:48]} Kc8 {[%clk 0:06:52]} 64. h4 {[%clk 0:00:57]} Be2
{[%clk 0:06:46]} 65. Kf2 {[%clk 0:01:06]} Bd1 {[%clk 0:06:53]} 66. Ke3
{[%clk 0:01:15]} Bg4 {[%clk 0:07:02]} 67. Kd3 {[%clk 0:01:23]} Bh3
{[%clk 0:07:09]} 68. Kd4 {[%clk 0:01:31]} Bg4 {[%clk 0:07:18]} 69. Kd5
{[%clk 0:01:37]} Bh3 {[%clk 0:07:26]} 70. Ke6 {[%clk 0:01:39]} Bg4
{[%clk 0:07:33]} 71. Ke7 {[%clk 0:01:44]} Bh3 {[%clk 0:07:41]} 72. Kf6
{[%clk 0:01:52]} Bg4 {[%clk 0:07:49]} 73. Bd6 {[%clk 0:01:59]} Bh3
{[%clk 0:07:55]} 74. Kg5 {[%clk 0:01:43]} Bg4 {[%clk 0:08:04]} 75. Be5
{[%clk 0:01:51]} Kd7 {[%clk 0:08:13]} 1/2-1/2

[Event "Rapid 2018"]
[Site "Saint-Petersburg"]
[Date "2018.12.28"]
[Round "15"]
[Board "81"]
[White "Rechlis Gad (ISR)"]
[Black "Zubritskiy Artyom (RUS)"]
[Result "0-1"]
[LiveChessVersion "1.4.8"]
[BlackElo "2397"]
[WhiteElo "2543"]

1. e4 {[%clk 0:15:09]} c5 {[%clk 0:15:19]} 2. Nc3 {[%clk 0:15:17]} d6
{[%clk 0:15:23]} 3. f4 {[%clk 0:15:23]} Nc6 {[%clk 0:15:11]} 4. Nf3
{[%clk 0:15:31]} g6 {[%clk 0:15:11]} 5. Bc4 {[%clk 0:15:37]} Bg7 {[%clk 0:15:19]}
6. O-O {[%clk 0:15:45]} Nf6 {[%clk 0:13:39]} 7. d3 {[%clk 0:15:45]} O-O
{[%clk 0:13:41]} 8. Qe1 {[%clk 0:15:41]} Nd4 {[%clk 0:12:48]} 9. Qh4
{[%clk 0:11:23]} e6 {[%clk 0:06:21]} 10. f5 {[%clk 0:11:04]} d5 {[%clk 0:05:58]}
11. fxg6 {[%clk 0:03:45]} fxg6 {[%clk 0:04:08]} 12. exd5 {[%clk 0:03:20]} exd5
{[%clk 0:03:38]} 13. Nxd5 {[%clk 0:02:54]} Nxd5 {[%clk 0:03:25]} 14. Bg5
{[%clk 0:03:03]} Qd7 {[%clk 0:01:29]} 15. Nxd4 {[%clk 0:02:57]} Bxd4+
{[%clk 0:01:35]} 16. Kh1 {[%clk 0:03:06]} Rxf1+ {[%clk 0:01:12]} 17. Rxf1
{[%clk 0:03:15]} b5 {[%clk 0:01:20]} 18. Bb3 {[%clk 0:00:35]} Bb7
{[%clk 0:01:18]} 19. c3 {[%clk 0:00:34]} Bg7 {[%clk 0:01:22]} 20. Be7
{[%clk 0:00:26]} c4 {[%clk 0:01:18]} 0-1

[Event "Rapid 2018"]
[Site "Saint-Petersburg"]
[Date "2018.12.28"]
[Round "15"]
[Board "82"]
[White "Golubov Saveliy (RUS)"]
[Black "Sharma Dinesh K. (IND)"]
[Result "1/2-1/2"]
[LiveChessVersion "1.4.8"]
[BlackElo "2388"]
[WhiteElo "2542"]

1. e4 {[%clk 0:15:19]} e6 {[%clk 0:15:19]} 2. b3 {[%clk 0:15:11]} a5
{[%clk 0:15:28]} 3. Bb2 {[%clk 0:15:19]} a4 {[%clk 0:15:37]} 4. bxa4
{[%clk 0:15:28]} d5 {[%clk 0:15:34]} 5. exd5 {[%clk 0:15:36]} exd5
{[%clk 0:15:42]} 6. Nf3 {[%clk 0:15:44]} Nf6 {[%clk 0:15:49]} 7. Bd3
{[%clk 0:15:47]} Be7 {[%clk 0:15:26]} 8. h3 {[%clk 0:15:50]} O-O {[%clk 0:15:31]}
9. O-O {[%clk 0:15:57]} Nbd7 {[%clk 0:15:38]} 10. Nc3 {[%clk 0:15:21]} Nc5
{[%clk 0:15:43]} 11. Be2 {[%clk 0:15:29]} Nxa4 {[%clk 0:15:16]} 12. Nxa4
{[%clk 0:15:38]} Rxa4 {[%clk 0:15:23]} 13. c4 {[%clk 0:15:46]} Ra8
{[%clk 0:15:18]} 14. a4 {[%clk 0:15:51]} h6 {[%clk 0:15:01]} 15. a5
{[%clk 0:16:00]} c6 {[%clk 0:15:04]} 16. a6 {[%clk 0:15:16]} Rxa6
{[%clk 0:14:20]} 17. Rxa6 {[%clk 0:15:25]} bxa6 {[%clk 0:14:29]} 18. Ne5
{[%clk 0:15:33]} Qb6 {[%clk 0:13:38]} 19. Qa1 {[%clk 0:15:38]} Be6
{[%clk 0:13:15]} 20. cxd5 {[%clk 0:15:37]} Bxd5 {[%clk 0:12:53]} 21. Ng4
{[%clk 0:15:37]} Qd8 {[%clk 0:09:01]} 22. Bxa6 {[%clk 0:15:28]} Nxg4
{[%clk 0:08:46]} 23. hxg4 {[%clk 0:15:36]} Qd7 {[%clk 0:08:46]} 24. Be2
{[%clk 0:15:20]} f6 {[%clk 0:08:47]} 25. Qc1 {[%clk 0:14:51]} Re8
{[%clk 0:07:51]} 26. Re1 {[%clk 0:14:41]} Bd6 {[%clk 0:07:26]} 27. Bf3
{[%clk 0:14:46]} Rxe1+ {[%clk 0:06:02]} 28. Qxe1 {[%clk 0:14:55]} Bxf3
{[%clk 0:05:44]} 29. gxf3 {[%clk 0:15:02]} 1/2-1/2

[Event "Rapid 2018"]
[Site "Saint-Petersburg"]
[Date "2018.12.28"]
[Round "15"]
[Board "83"]
[White "Zakhartsov Vladimir (RUS)"]
[Black "Vaisser Anatoli (FRA)"]
[Result "1-0"]
[LiveChessVersion "1.4.8"]
[BlackElo "2530"]
[WhiteElo "2473"]

1. c4 {[%clk 0:15:18]} f5 {[%clk 0:15:18]} 2. d4 {[%clk 0:15:23]} Nf6
{[%clk 0:15:23]} 3. Nc3 {[%clk 0:15:30]} e6 {[%clk 0:15:30]} 4. g3
{[%clk 0:15:18]} d5 {[%clk 0:15:35]} 5. Bg2 {[%clk 0:15:25]} c6 {[%clk 0:15:34]}
6. Nf3 {[%clk 0:14:51]} Bd6 {[%clk 0:15:41]} 7. c5 {[%clk 0:14:53]} Bc7
{[%clk 0:15:42]} 8. Bf4 {[%clk 0:15:01]} Bxf4 {[%clk 0:15:26]} 9. gxf4
{[%clk 0:15:09]} Nbd7 {[%clk 0:14:23]} 10. b4 {[%clk 0:15:04]} Ne4
{[%clk 0:14:23]} 11. Nxe4 {[%clk 0:15:03]} fxe4 {[%clk 0:14:27]} 12. Ne5
{[%clk 0:15:00]} O-O {[%clk 0:14:05]} 13. e3 {[%clk 0:15:08]} Nxe5
{[%clk 0:14:07]} 14. fxe5 {[%clk 0:14:56]} Qh4 {[%clk 0:13:27]} 15. O-O
{[%clk 0:14:57]} Bd7 {[%clk 0:13:35]} 16. f4 {[%clk 0:14:01]} exf3
{[%clk 0:12:33]} 17. Rxf3 {[%clk 0:14:09]} Rxf3 {[%clk 0:12:29]} 18. Qxf3
{[%clk 0:14:15]} a5 {[%clk 0:10:50]} 19. bxa5 {[%clk 0:13:57]} Rxa5
{[%clk 0:10:55]} 20. Rb1 {[%clk 0:13:38]} Ra7 {[%clk 0:08:11]} 21. Rf1
{[%clk 0:13:33]} Qe7 {[%clk 0:08:19]} 22. Rf2 {[%clk 0:13:41]} Be8
{[%clk 0:08:11]} 23. Bh3 {[%clk 0:13:06]} Bf7 {[%clk 0:07:37]} 24. Qg4
{[%clk 0:12:19]} Ra8 {[%clk 0:06:20]} 25. Rg2 {[%clk 0:12:17]} Qf8
{[%clk 0:06:28]} 26. Qf4 {[%clk 0:12:07]} Re8 {[%clk 0:06:25]} 27. Qf6
{[%clk 0:11:31]} Kh8 {[%clk 0:05:10]} 28. Qh4 {[%clk 0:11:29]} Qe7
{[%clk 0:04:53]} 29. Qxe7 {[%clk 0:10:56]} Rxe7 {[%clk 0:05:02]} 30. Rb2
{[%clk 0:11:05]} Bg6 {[%clk 0:04:57]} 31. Bf1 {[%clk 0:10:55]} Be4
{[%clk 0:04:54]} 32. Ba6 {[%clk 0:10:57]} h5 {[%clk 0:04:02]} 33. Bxb7
{[%clk 0:10:32]} Rf7 {[%clk 0:03:42]} 34. a4 {[%clk 0:10:30]} Bd3
{[%clk 0:02:38]} 35. Bxc6 {[%clk 0:09:33]} Rf1+ {[%clk 0:02:45]} 36. Kg2
{[%clk 0:09:42]} Ra1 {[%clk 0:02:49]} 37. Bd7 {[%clk 0:05:56]} Be4+
{[%clk 0:02:47]} 38. Kf2 {[%clk 0:05:08]} Rh1 {[%clk 0:02:47]} 39. c6
{[%clk 0:04:07]} Rxh2+ {[%clk 0:02:29]} 40. Kg3 {[%clk 0:04:16]} Rxb2
{[%clk 0:02:30]} 41. c7 {[%clk 0:04:25]} g5 {[%clk 0:00:39]} 42. c8=Q+
{[%clk 0:04:26]} Kg7 {[%clk 0:00:46]} 43. Bxe6 {[%clk 0:04:10]} h4+
{[%clk 0:00:46]} 44. Kh3 {[%clk 0:04:19]} 1-0